000
00297nam a2200121Ia 4500
005
20251222153618.0
008
251222s9999||||xx |||||||||||||| ||spa||
020
_a
9972-40-034-4
082
_a
869.56/S23S
100
_a
"Sánchez León, Abelardo"
245
0
_a
La soledad del nadador
942
_c
LIB
999
_c
31857
_d
31857